Environmental statements, environmental information and planning projects. (Record no. 96563)

MARC details
000 -LEADER
fixed length control field 01016cam a2200361 4500
008 - FIXED-LENGTH DATA ELEMENTS--GENERAL INFORMATION
fixed length control field 090401t1997 xxu||||| |||| 00| 0 eng d
020 ## - INTERNATIONAL STANDARD BOOK NUMBER
International Standard Book Number 0863421032
035 ## - SYSTEM CONTROL NUMBER
System control number (Sirsi) u79800
041 ## - LANGUAGE CODE
Language code of text/sound track or separate title eng
050 ## - LIBRARY OF CONGRESS CALL NUMBER
Classification number 711.1
100 ## - MAIN ENTRY--PERSONAL NAME
Personal name Weston, Joe
245 ## - TITLE STATEMENT
Title Environmental statements, environmental information and planning projects.
260 ## - PUBLICATION, DISTRIBUTION, ETC.
Place of publication, distribution, etc. Oxford
Name of publisher, distributor, etc. Oxford Brookes University
Date of publication, distribution, etc. 1997
300 ## - PHYSICAL DESCRIPTION
Extent iii,67,11p. ; 30cm.
350 ## - PRICE (NR) (BK AM CF MU VM SE) [OBSOLETE]
Price 5
490 ## - SERIES STATEMENT
Series statement Working Paper
Volume/sequential designation 170
650 ## - SUBJECT ADDED ENTRY--TOPICAL TERM
Topical term or geographic name entry element ENVIRONMENTAL IMPACT ASSESSMENTS
650 ## - SUBJECT ADDED ENTRY--TOPICAL TERM
Topical term or geographic name entry element ENVIRONMENTAL INFORMATION
650 ## - SUBJECT ADDED ENTRY--TOPICAL TERM
Topical term or geographic name entry element ENVIRONMENTAL STATEMENTS
650 ## - SUBJECT ADDED ENTRY--TOPICAL TERM
Topical term or geographic name entry element MINERAL EXTRACTION
650 ## - SUBJECT ADDED ENTRY--TOPICAL TERM
Topical term or geographic name entry element PLANNING
650 ## - SUBJECT ADDED ENTRY--TOPICAL TERM
Topical term or geographic name entry element RESERVOIRS
650 ## - SUBJECT ADDED ENTRY--TOPICAL TERM
Topical term or geographic name entry element SEWAGE TREATMENT WORKS
650 ## - SUBJECT ADDED ENTRY--TOPICAL TERM
Topical term or geographic name entry element WINDFARMS
690 ## - LOCAL SUBJECT ADDED ENTRY--TOPICAL TERM (OCLC, RLIN)
Topical term or geographic name as entry element PLANNING LAW AND PRACTICE
700 ## - ADDED ENTRY--PERSONAL NAME
Personal name Glasson, John
700 ## - ADDED ENTRY--PERSONAL NAME
Personal name Therivel, Riki
700 ## - ADDED ENTRY--PERSONAL NAME
Personal name Wilson, Elizabeth
700 ## - ADDED ENTRY--PERSONAL NAME
Personal name Frost, Richard
710 ## - ADDED ENTRY--CORPORATE NAME
Corporate name or jurisdiction name as entry element Oxford Brookes University
9 (RLIN) 281
942 ## - ADDED ENTRY ELEMENTS (KOHA)
Suppress in OPAC 0
948 ## - LOCAL PROCESSING INFORMATION (OCLC); SERIES PART DESIGNATOR (RLIN)
c (OCLC) 22/07/1997
Holdings
Withdrawn status Lost status Source of classification or shelving scheme Damaged status Not for loan Home library Current library Shelving location Date acquired Cost, normal purchase price Total Checkouts Full call number Barcode Date last seen Date last checked out Copy number Cost, replacement price Price effective from Koha item type
    Dewey Decimal Classification     London London Folio 14/09/1999 5.00 2 F711.1 30053485 06/08/2019 06/12/1999 1 5.00 06/08/2019 Book